Safari, South America /

Bibliographic Details
Main Author: Wood, Christina
Format: Book
Language:English
Published: New York : Taplinger Pub. Co., [1973]
Subjects:

MARC

Tag First Indicator Second Indicator Subfields
LEADER 00000cam a2200000 4500
001 in00001583821
005 20151022162914.0
008 731205r19731972nyua 000 0 eng
010 |a  73001764  
020 |a 0800869451 
035 |a (OCoLC)ocm00790187 
040 |a DLC  |c DLC  |d OCL  |d TXA  |d UtOrBLW 
043 |a s-gy---  |a s-sr--- 
049 |a TXAM 
050 0 0 |a QL246  |b .W66 1973 
082 0 |a 599/.0075 
100 1 |a Wood, Christina. 
240 1 0 |a Magic sakis 
245 1 0 |a Safari, South America /  |c Illustrated by Nancy Lou Gahan. 
264 1 |a New York :  |b Taplinger Pub. Co.,  |c [1973] 
264 4 |c [©1972] 
300 |a 224 pages :  |b illustrations ;  |c 22 cm. 
336 |a text  |b txt  |2 rdacontent 
337 |a unmediated  |b n  |2 rdamedia 
338 |a volume  |b nc  |2 rdacarrier 
500 |a London edition published in 1972 under title: The magic sakis. 
536 |a This book is given through the estate of M.D. "Bert" Wheeler, College Station, TX, 1999. 
650 0 |a Zoology  |z Guyana. 
650 0 |a Zoology  |z Suriname. 
650 0 |a Wild animal collecting. 
948 |a cataloged  |b h  |c 2001/2/8  |d c  |e jgreene  |f 3:31:54 pm 
994 |a E0  |b TXA 
999 |a MARS 
999 f f |s fbc55908-2dd9-3d94-a49e-23e83672b262  |i 0ec88457-ad9e-3892-be73-8e2ceb21e7cc  |t 0 
952 f f |p ric  |a Texas A&M University  |b Rellis Campus  |c Joint Library Facility  |d Remote Storage  |t 0  |e QL246 .W66 1973  |h Library of Congress classification  |i unmediated -- volume  |m A14827115718 
998 f f |a QL246 .W66 1973  |t 0  |l Remote Storage